| 000 | 00985cam a2200253 4500 | ||
|---|---|---|---|
| 001 | WB3734-21 | ||
| 008 | 010913n2001 000 0 eng u | ||
| 035 | _a(Sirsi) u114571 | ||
| 245 | _aAttacks destroy office space | ||
| 260 | _c2001 | ||
| 490 |
_aFinancial Times _v13 September 2001, 4(1) |
||
| 520 | _aThe terrorist attack on the World Trade Center and the resulting damage to local buildings has eliminated around 12m sq ft of office space in lower Manhattan. Cushman & Wakefield predicts there is about 14m sq ft of available office space for lease and sub-lease for displaced tenants looking to relocate in the area. | ||
| 590 | _aWB | ||
| 650 | _aTERRORISM | ||
| 650 | _aUNITED STATES | ||
| 650 | _aNEW YORK | ||
| 650 | _aMANHATTAN | ||
| 650 | _aWORLD TRADE CENTER | ||
| 650 | _aOFFICE BUILDINGS | ||
| 650 | _aOFFICE SPACE | ||
| 650 | _aPROPERTY-COMMERCIAL PROPERTY-OFFICE PROPERTY-OFFICE PROPERTY MARKET | ||
| 690 | _aINTERNATIONAL-AMERICAS | ||
| 942 | _n0 | ||
| 999 |
_c68266 _d68266 |
||